Budovanie systému environmentálneho manažérstva podniku bakalárska práca

Enregistré dans:
Détails bibliographiques
Auteur principal: Fedáková, Jana
Collectivité auteur: Podnikovohospodárska fakulta EU so sídlom v Košiciach. Katedra marketingu a obchodu
Autres auteurs: Urblíková, Daniela
Format: Livre
Langue:slovaque
Publié: Košice 2012
Tags: Ajouter un tag
Pas de tags, Soyez le premier à ajouter un tag!

MARC

LEADER 00000nbm a2200000 4500
001 0155516
005 20161109111857.1
041 0 |a slo 
044 |a SK 
245 1 0 |a Budovanie systému environmentálneho manažérstva podniku  |b bakalárska práca  |c Jana Fedáková ; školiteľ: Daniela Urblíková 
264 1 |a Košice  |c 2012 
300 |a 51 s. 
100 1 |a Fedáková, Jana 
700 1 |a Urblíková, Daniela 
710 2 |a Podnikovohospodárska fakulta EU so sídlom v Košiciach. Katedra marketingu a obchodu